• 首页
  • 本馆介绍
  • 公告通知
  • 最新文献
  • 馆藏检索
  • 电子资源
  • 读者导购
  • 参考咨询
  • 我的图书馆
  • 登录
  • 详细信息显示
  • 放入我的书架
  • 预约/预借图书
  • 作者相关作品
  • 分类相关作品
  • 丛书相关作品
  • 出版社相关作品

书目信息

  • 表格格式
  • 工作单格式
  • 卡片格式
题名:
环境友好型公民
    
 
作者: 陈彩棉 , 康燕雪 著
分册:  
出版信息: 北京   中国环境科学出版社  2006
页数: 236页
开本: 20cm
丛书名: 环境友好型社会丛书
单 册:
中图分类: X-4
科图分类:
主题词: 公民--环境教育--研究--中国
电子资源:
ISBN: 7-80209-329-5
000 00952nam0 2200265 450
001 0000073
005 20061205111812.81
010    @a7-80209-329-5@dCNY15.00
100    @a20060829d2006 km y0chiy0121 eb
101 0  @achi
102    @b110000
105    @ay z000yy
110    @abuu 0xx0
200 1  @a环境友好型公民@AHuan Jing You Hao Xing Gong Min@f陈彩棉, 康燕雪著@FChen Cai Mian , Kang Yan Xue Zhu
210    @a北京@c中国环境科学出版社@d2006
215    @a236页@d20cm
225 2  @a环境友好型社会丛书
330    @a本书从环境友好型公民的含义、基本以利和义务、生产方式和消费方式、环境意识和环境道德,塑造环境友好型公民的环境文化和环境法制,以及环境友好型公民的环境教育等方面制作了较为系统的阐述。
410  0 @12001 @a环境友好型社会丛书
606 0  @a公民@x环境教育@x研究@y中国
690    @aX-4@v4
701  0 @a陈彩棉@AChen Cai Mian@4著
701  0 @a康燕雪@AKang Yan Xue@4著
801  0 @aCN@b中图数据@c20061205
905    @a10447@dX-4@e90
    
    环境友好型公民/陈彩棉, 康燕雪著.-北京:中国环境科学出版社,2006
    236页;20cm.-(环境友好型社会丛书)
    
    
    ISBN 7-80209-329-5:CNY15.00
    本书从环境友好型公民的含义、基本以利和义务、生产方式和消费方式、环境意识和环境道德,塑造环境友好型公民的环境文化和环境法制,以及环境友好型公民的环境教育等方面制作了较为系统的阐述。
●
相关链接 在E读中查询图书 在五车中查询图书 在当当中查询图书 在豆瓣中查询图书


正题名:环境友好型公民     索取号:X-4/90         预约/预借

序号 登录号 条形码 馆藏地/架位号 状态 备注
1 0601809   206018094   第二样本阅览室/ [索取号:X-4/90] 在馆    
2 0601810   206018101   第三借阅区/ [索取号:X-4/90] 在馆    
3 0601811   206018110   第三借阅区/ [索取号:X-4/90] 在馆    
唐山师范学院图书馆 欢迎您!
大连网信软件有限公司© 版权所有